Fundamentals of Food Quality, Safety & Analysis/ (Record no. 51166)

MARC details
000 -LEADER
fixed length control field 00539nam a22001577a 4500
003 - CONTROL NUMBER IDENTIFIER
control field OSt
008 - FIXED-LENGTH DATA ELEMENTS--GENERAL INFORMATION
fixed length control field 260602b |||||||| |||| 00| 0 eng d
020 ## - INTERNATIONAL STANDARD BOOK NUMBER
International Standard Book Number 9789353874001
082 ## - DEWEY DECIMAL CLASSIFICATION NUMBER
Classification number 664.07
Item number A39F
245 ## - TITLE STATEMENT
Title Fundamentals of Food Quality, Safety & Analysis/
Remainder of title by Syed Mazar Ali...[et al.]
260 ## - PUBLICATION, DISTRIBUTION, ETC. (IMPRINT)
Place of publication, distribution, etc New Delhi:
Name of publisher, distributor, etc Satish Serial Publishing House,
Date of publication, distribution, etc 2026.
300 ## - PHYSICAL DESCRIPTION
Extent x, 350 p.
650 ## - SUBJECT ADDED ENTRY--TOPICAL TERM
Topical term or geographic name as entry element Technology (Applied Sciences) | Chemical and Related Technologies | Food Technology | Quality
700 ## - ADDED ENTRY--PERSONAL NAME
Personal name Ali, Syed Mazar
942 ## - ADDED ENTRY ELEMENTS (KOHA)
Source of classification or shelving scheme
Koha item type Books
Holdings
Withdrawn status Lost status Source of classification or shelving scheme Damaged status Not for loan Home library Current library Shelving location Date acquired Source of acquisition Cost, normal purchase price Total Checkouts Full call number Barcode Date last seen Bill Date Koha item type Bill Number
          Dr. Rajendra Prasad Central Agricultural University Pusa, Dr. Rajendra Prasad Central Agricultural University Pusa, General Stacks 02/06/2026 Delight Book Agency 3950.00   664.07 A39F 87256 02/06/2026 29/01/2026 Books Bill No. DBS/0262025-2026
          Dr. Rajendra Prasad Central Agricultural University Pusa, Dr. Rajendra Prasad Central Agricultural University Pusa, General Stacks 02/06/2026 Delight Book Agency 3950.00   664.07 A39F 87257 02/06/2026 29/01/2026 Books Bill No. DBS/0262025-2026
Hosted, Implemented, Customized & Maintained by: BestBookBuddies

Powered by Koha